| 000 | 00738nam a22002777a 4500 | ||
|---|---|---|---|
| 005 | 20250819152305.0 | ||
| 008 | 230503b2020 |||||||| |||| 00| 0 spa d | ||
| 020 | _a9788417526429 | ||
| 041 | _aESP | ||
| 082 | _a344.046 H557c | ||
| 100 |
_aHernández López, Rafael _975327 |
||
| 245 | _aCriminología ambiental | ||
| 260 | _aEspaña | ||
| 260 | _bDelta publicaciones | ||
| 260 | _c2020 | ||
| 300 | _a198 páginas | ||
| 490 | _aInvestigación Criminal | ||
| 650 | _aPROTECCIÓN DEL MEDIO AMBIENTE | ||
| 650 | _aELEMENTOS NATURALES | ||
| 650 | _aCRIMINOLOGÍA AMBIENTAL | ||
| 650 | _aCITY HACKERS | ||
| 650 | _aARQUITECTURAS VULNERABLES | ||
| 650 | _aCEREBRO HUMANO | ||
| 650 | _aCRIMEN PERFECTO | ||
| 942 |
_cBK _2ddc |
||
| 999 |
_c13516 _d13516 |
||